[Event "Roll with the Romantics"]
[Site "SchemingMind.com"]
[Date "2015.02.15"]
[Round "-"]
[White "Scooter"]
[Black "kenneth m day"]
[Result "1-0"]
[WhiteCountry "USA"]
[BlackCountry "USA"]
[WhiteElo "1713"]
[WhiteRD "44"]
[BlackElo "1792"]
[BlackRD "50"]
[GameID "374827"]

1. e4 e5 2. f4 exf4 3. d4 Qh4+ 4. Ke2 Qe7 5. Qd3 Nf6 6. e5 d6 7. Bxf4 Nd5 8. Be3 Nc6 9. Nc3 Bg4+ 10. Kd2 Nxc3
11. Qxc3 O-O-O 12. exd6 Qxd6 13. h3 Bh5 14. g4 Bg6 15. Bd3 Qg3 16. Ne2 Qf3 17. Raf1 Qd5 18. Bc4 Qd7 19. a3 Be7 20. Bxf7 Bxf7
21. Rxf7 Rhg8 22. Rhf1 Rdf8 23. Rxf8+ Rxf8 24. Rxf8+ Bxf8 25. Qb3 Ne5 26. Qg8 Nf3+ 27. Kc1 Qe7 28. Kb1 h6 29. Nf4 Qxe3 30. Qxf8+ Kd7
31. Qxg7+ Qe7 32. Qxh6 Nd2+ 33. Ka2 Qf7+ 34. Ka1 Qe7 35. Nd3 c6 36. Qxd2
1-0

[Event "Roll with the Romantics"]
[Site "SchemingMind.com"]
[Date "2015.02.15"]
[Round "-"]
[White "kenneth m day"]
[Black "Scooter"]
[Result "1-0"]
[WhiteCountry "USA"]
[BlackCountry "USA"]
[WhiteElo "1730"]
[WhiteRD "50"]
[BlackElo "1708"]
[BlackRD "44"]
[GameID "374828"]

1. e4 e5 2. f4 exf4 3. Nf3 d6 4. d4 g5 5. g3 fxg3 6. hxg3 Bg4 7. Be2 Nd7 8. Qd3 Bxf3 9. Qxf3 c6 10. Nc3 f6
11. Qf5 Bg7 12. Bh5+ Kf8 13. Bxg5 Ne7 14. Qe6 Ng6 15. Qxd6+ Qe7 16. Bf4 Nxf4 17. Qxf4 Qb4 18. O-O-O Nb6 19. Qc7 Qe7 20. Qf4 Kg8
21. Rhe1 Nd7 22. e5 Qf8 23. Qg4 Rd8 24. Qe6+
1-0

[Event "Roll with the Romantics"]
[Site "SchemingMind.com"]
[Date "2015.02.21"]
[Round "-"]
[White "Scooter"]
[Black "Olli Ylönen"]
[Result "0-1"]
[WhiteCountry "USA"]
[BlackCountry "FIN"]
[WhiteElo "1731"]
[WhiteRD "44"]
[BlackElo "1837"]
[BlackRD "83"]
[GameID "374889"]

1. e4 e5 2. f4 d5 3. exd5 exf4 4. Nf3 Nf6 5. Bb5+ c6 6. dxc6 Nxc6 7. Qe2+ Be7 8. Ne5 Qb6 9. Qc4 O-O 10. Nxc6 bxc6
11. Qxc6 Qxc6 12. Bxc6 Rb8 13. b3 Rb6 14. Bf3 Re6+ 15. Kf2 Bc5+ 16. Kf1 Ba6+ 17. d3 Bd4
0-1

[Event "Roll with the Romantics"]
[Site "SchemingMind.com"]
[Date "2015.02.21"]
[Round "-"]
[White "Olli Ylönen"]
[Black "Scooter"]
[Result "1-0"]
[WhiteCountry "FIN"]
[BlackCountry "USA"]
[WhiteElo "1837"]
[WhiteRD "83"]
[BlackElo "1731"]
[BlackRD "44"]
[GameID "374890"]

1. e4 e5 2. f4 exf4 3. Nf3 g5 4. h4 g4 5. Ne5 Nf6 6. Bc4 d5 7. exd5 Bd6 8. d4 Nbd7 9. Bxf4 h5 10. Qe2 O-O
11. Qd2 Nxe5 12. dxe5 Re8 13. O-O Bxe5 14. Bxe5 Rxe5 15. Nc3 Ne4 16. Qf4 Qe7 17. Rae1 f5 18. d6+
1-0

[Event "Roll with the Romantics"]
[Site "SchemingMind.com"]
[Date "2015.02.21"]
[Round "-"]
[White "Olli Ylönen"]
[Black "kenneth m day"]
[Result "1-0"]
[WhiteCountry "FIN"]
[BlackCountry "USA"]
[WhiteElo "1934"]
[WhiteRD "89"]
[BlackElo "1692"]
[BlackRD "52"]
[GameID "374891"]

1. e4 e5 2. f4 exf4 3. Nf3 d5 4. exd5 Nf6 5. Bb5+ c6 6. dxc6 bxc6 7. Bc4 Nd5 8. Nc3 Bc5 9. d4 Qe7+ 10. Qe2 Qxe2+
11. Nxe2 Bd6 12. Bxd5 cxd5 13. Bxf4 Bb4+ 14. c3 Ba5 15. b4 Bb6 16. Rc1 O-O 17. O-O Nd7 18. Kh1 Nf6 19. c4 dxc4 20. Rxc4 Ba6
21. Rc2 Rfe8 22. Re1 h6 23. h3 Nd5 24. Bd6 Ne3 25. Rcc1 Nd5 26. Nf4 Rxe1+ 27. Rxe1 Nc3 28. a3 Bb7 29. Bc5 Ne4 30. Bxb6 Nf2+
31. Kh2 axb6 32. Re3 Nd1 33. Rd3 Nf2 34. Rb3 Ne4 35. d5 Rd8 36. Rd3 Nf2 37. Rd4 Re8 38. d6 Ne4 39. b5 Rd8 40. d7 Nf6
41. Ne5 Ne4 42. Nc6 Bxc6 43. bxc6
1-0

[Event "Roll with the Romantics"]
[Site "SchemingMind.com"]
[Date "2015.02.21"]
[Round "-"]
[White "kenneth m day"]
[Black "Olli Ylönen"]
[Result "0-1"]
[WhiteCountry "USA"]
[BlackCountry "FIN"]
[WhiteElo "1733"]
[WhiteRD "54"]
[BlackElo "1894"]
[BlackRD "87"]
[GameID "374892"]

1. e4 e5 2. f4 d5 3. exd5 exf4 4. Nf3 Nf6 5. Bb5+ c6 6. dxc6 Nxc6 7. d4 Bd6 8. Qe2+ Be6 9. O-O O-O 10. Nc3 Re8
11. Qf2 a6 12. Bd3 b5 13. Bd2 h6 14. Rfe1 g5 15. a3 Ra7 16. Rad1 Rae7 17. Ne4 Nxe4 18. Bxe4 Qc8 19. d5 Bf5 20. Bxf5 Qxf5
21. dxc6 Qxc2 22. Qb6 Bc5+
0-1

[Event "Roll with the Romantics"]
[Site "SchemingMind.com"]
[Date "2015.02.17"]
[Round "-"]
[White "Scooter"]
[Black "shg"]
[Result "0-1"]
[WhiteCountry "USA"]
[BlackCountry "POL"]
[WhiteElo "1731"]
[WhiteRD "44"]
[BlackElo "1977"]
[BlackRD "142"]
[GameID "374961"]

1. e4 e5 2. f4 exf4 3. Bc4 Nf6 4. Nc3 c6 5. d3 d5 6. exd5 cxd5 7. Bb5+ Nc6 8. Bxf4 d4 9. Qe2+ Be6 10. Ne4 Qa5+
0-1

[Event "Roll with the Romantics"]
[Site "SchemingMind.com"]
[Date "2015.02.17"]
[Round "-"]
[White "shg"]
[Black "Scooter"]
[Result "1-0"]
[WhiteCountry "POL"]
[BlackCountry "USA"]
[WhiteElo "1977"]
[WhiteRD "142"]
[BlackElo "1731"]
[BlackRD "44"]
[GameID "374962"]

1. e4 e5 2. f4 exf4 3. Nf3 g5 4. h4 g4 5. Ne5 d6 6. Nxg4 Bxg4 7. Qxg4 Bh6 8. Nc3 Nf6 9. Qf5 Nbd7 10. d4 Qe7
11. g4 Qe6 12. g5
1-0

[Event "Roll with the Romantics"]
[Site "SchemingMind.com"]
[Date "2015.02.22"]
[Round "-"]
[White "Olli Ylönen"]
[Black "shg"]
[Result "0-1"]
[WhiteCountry "FIN"]
[BlackCountry "POL"]
[WhiteElo "1842"]
[WhiteRD "80"]
[BlackElo "2172"]
[BlackRD "96"]
[GameID "374963"]

1. e4 e5 2. f4 Bc5 3. Nf3 d6 4. c3 Nf6 5. d4 exd4 6. cxd4 Bb6 7. e5 Nd5 8. Nc3 dxe5 9. fxe5 Nc6 10. Bg5 f6
11. exf6 gxf6 12. Bc4 Nxc3 13. bxc3 fxg5 14. Qe2+ Qe7 15. Qxe7+ Kxe7 16. Nxg5 Na5 17. Bb3 Nxb3 18. axb3 Rg8 19. Nxh7 Bf5
0-1

[Event "Roll with the Romantics"]
[Site "SchemingMind.com"]
[Date "2015.02.22"]
[Round "-"]
[White "shg"]
[Black "Olli Ylönen"]
[Result "1-0"]
[WhiteCountry "POL"]
[BlackCountry "FIN"]
[WhiteElo "2172"]
[WhiteRD "96"]
[BlackElo "1842"]
[BlackRD "80"]
[GameID "374964"]

1. e4 e5 2. f4 d5 3. exd5 exf4 4. Nf3 Nf6 5. Bb5+ c6 6. dxc6 Nxc6 7. d4 Bd6 8. O-O O-O 9. Nbd2 Bd7 10. c3 a6
11. Bd3 Re8 12. Ng5 g6 13. Nc4 Bc7 14. Bxf4 Bxf4 15. Rxf4 h6 16. Qf1 hxg5 17. Rxf6 Re6 18. Rxf7
1-0

[Event "Roll with the Romantics"]
[Site "SchemingMind.com"]
[Date "2015.02.17"]
[Round "-"]
[White "kenneth m day"]
[Black "shg"]
[Result "0-1"]
[WhiteCountry "USA"]
[BlackCountry "POL"]
[WhiteElo "1730"]
[WhiteRD "50"]
[BlackElo "2172"]
[BlackRD "96"]
[GameID "374965"]

1. e4 e5 2. f4 exf4 3. Nf3 d6 4. d4 g5 5. g3 g4 6. Nh4 f3 7. Nc3 Bg7 8. Qd3 h5 9. Bf4 Nc6 10. O-O-O Bxd4
11. Nd5 Be5 12. Bxe5 Nxe5 13. Qd4 Nf6 14. Nf5 Bxf5 15. exf5 Nxd5 16. Qxd5 Qg5+ 17. Kb1 O-O-O 18. Bd3 Rhe8 19. Rhe1 Nxd3 20. Qxd3 Rxe1
21. Rxe1 f2 22. Rf1 Re8 23. Qc3 Qe3 24. Qxe3 Rxe3
0-1

[Event "Roll with the Romantics"]
[Site "SchemingMind.com"]
[Date "2015.02.18"]
[Round "-"]
[White "shg"]
[Black "kenneth m day"]
[Result "1-0"]
[WhiteCountry "POL"]
[BlackCountry "USA"]
[WhiteElo "2172"]
[WhiteRD "96"]
[BlackElo "1730"]
[BlackRD "50"]
[GameID "374966"]

1. e4 e5 2. f4 exf4 3. Nf3 g5 4. Bc4 Nc6 5. O-O Bg7 6. d4 d6 7. c3 Bg4 8. Qb3 Nh6 9. Nxg5 Qxg5 10. Qxb7 O-O
11. Qxc6 Qe7 12. Bxf4 Bd7 13. Qxc7 Rfc8 14. Qb7 Rab8 15. Qa6 Rxb2 16. Bxh6 Bxh6 17. Rxf7 Rxg2+ 18. Kxg2 Qg5+ 19. Kh1
1-0

[Event "Roll with the Romantics"]
[Site "SchemingMind.com"]
[Date "2015.02.22"]
[Round "-"]
[White "Scooter"]
[Black "BurningDesireFuzile"]
[Result "1-0"]
[WhiteCountry "USA"]
[BlackCountry "INT"]
[WhiteElo "1713"]
[WhiteRD "44"]
[BlackElo "1262"]
[BlackRD "175"]
[GameID "375148"]

1. e4 e5 2. f4 exf4 3. Nf3 Nf6 4. d3 d5 5. Qe2 dxe4 6. dxe4 Nc6 7. Bxf4 Bg4 8. Qd3 Qxd3 9. Bxd3 O-O-O 10. a3 Nh5
11. Be3 Bxf3 12. gxf3 f5 13. Nc3
1-0

[Event "Roll with the Romantics"]
[Site "SchemingMind.com"]
[Date "2015.02.22"]
[Round "-"]
[White "BurningDesireFuzile"]
[Black "Scooter"]
[Result "1-0"]
[WhiteCountry "INT"]
[BlackCountry "USA"]
[WhiteElo "1871"]
[WhiteRD "282"]
[BlackElo "1731"]
[BlackRD "44"]
[GameID "375149"]

1. e4 e5 2. f4 Nc6 3. Nf3 f6 4. fxe5 Nxe5 5. Nc3 Nxf3+ 6. Qxf3 Bb4 7. Bc4 Ne7 8. Qh5+ g6 9. Qh6 Bxc3 10. dxc3 d5
11. exd5 Nxd5 12. O-O Kf7 13. Bg5
1-0

[Event "Roll with the Romantics"]
[Site "SchemingMind.com"]
[Date "2015.02.22"]
[Round "-"]
[White "Scooter"]
[Black "ideasChess"]
[Result "0-1"]
[WhiteCountry "USA"]
[BlackCountry "POL"]
[WhiteElo "1716"]
[WhiteRD "45"]
[BlackElo "2201"]
[BlackRD "116"]
[GameID "375213"]

1. e4 e5 2. f4 exf4 3. Nf3 g5 4. h4 g4 5. Ne5 Nf6 6. Bc4 d5 7. Bxd5 Nxd5 8. exd5 Qxd5 9. Qe2 Qe6 10. d4 f6
11. Nd3 Nc6 12. Nxf4 Qxe2+ 13. Nxe2 Bf5 14. c3 O-O-O 15. O-O Bd3 16. Kf2 Bd6 17. Rd1 Ba6 18. Bf4 Bxe2
0-1

[Event "Roll with the Romantics"]
[Site "SchemingMind.com"]
[Date "2015.02.23"]
[Round "-"]
[White "ideasChess"]
[Black "Scooter"]
[Result "1-0"]
[WhiteCountry "POL"]
[BlackCountry "USA"]
[WhiteElo "2201"]
[WhiteRD "116"]
[BlackElo "1716"]
[BlackRD "45"]
[GameID "375214"]

1. e4 e5 2. f4 exf4 3. Nf3 g5 4. Nc3 Nc6 5. h3 Bg7 6. d4 d6 7. g3 h6 8. gxf4 f6 9. d5 Nce7 10. f5 b6
11. Nd4 Bb7 12. Ne6
1-0

[Event "Roll with the Romantics"]
[Site "SchemingMind.com"]
[Date "2015.02.22"]
[Round "-"]
[White "Olli Ylönen"]
[Black "ideasChess"]
[Result "1-0"]
[WhiteCountry "FIN"]
[BlackCountry "POL"]
[WhiteElo "1934"]
[WhiteRD "89"]
[BlackElo "2242"]
[BlackRD "102"]
[GameID "375215"]

1. e4 e5 2. f4 exf4 3. Nf3 g5 4. h4 g4 5. Ne5 Nf6 6. Bc4 d5 7. exd5 Bd6 8. d4 Nh5 9. Nc3 Qe7 10. O-O Bxe5
11. Bb5+ c6 12. dxe5 Qc5+ 13. Kh2 Qe7 14. dxc6 O-O 15. Bxf4 Qxh4+ 16. Kg1 g3 17. Bxg3 Nxg3 18. Rf3 Nxc6 19. Bxc6 bxc6 20. Ne2 Qh1+
21. Kf2 Ne4+ 22. Ke3 Qxd1 23. Rxd1 f5 24. Rg1
1-0

[Event "Roll with the Romantics"]
[Site "SchemingMind.com"]
[Date "2015.02.27"]
[Round "-"]
[White "ideasChess"]
[Black "Olli Ylönen"]
[Result "1-0"]
[WhiteCountry "POL"]
[BlackCountry "FIN"]
[WhiteElo "2242"]
[WhiteRD "102"]
[BlackElo "1934"]
[BlackRD "89"]
[GameID "375216"]

1. e4 e5 2. f4 d5 3. exd5 exf4 4. Nf3 Nf6 5. Nc3 Nxd5 6. Nxd5 Qxd5 7. d4 Be7 8. c4 Qe4+ 9. Qe2 Qxe2+ 10. Bxe2 g5
11. h4 gxh4 12. Bxf4 c6 13. Nxh4 Bxh4+ 14. Rxh4 f6 15. Kd2 Bf5 16. Re1 O-O 17. c5 Nd7 18. Bc4+ Kh8 19. Re7 Rae8 20. Rxe8 Rxe8
21. Bh6 Be6 22. Bd3 Bxa2 23. Bf5 Be6 24. Re4
1-0

[Event "Roll with the Romantics"]
[Site "SchemingMind.com"]
[Date "2015.02.22"]
[Round "-"]
[White "kenneth m day"]
[Black "ideasChess"]
[Result "0-1"]
[WhiteCountry "USA"]
[BlackCountry "POL"]
[WhiteElo "1692"]
[WhiteRD "52"]
[BlackElo "2242"]
[BlackRD "102"]
[GameID "375217"]

1. e4 e5 2. f4 exf4 3. Nf3 g5 4. Nc3 Bg7 5. g3 g4 6. Nh4 d6 7. d4 f3 8. Be3 Nc6 9. Qd2 Nge7 10. O-O-O h5
11. e5 dxe5 12. dxe5 Qxd2+ 13. Rxd2 Be6 14. Bd3 Nxe5 15. Be4 Nc4 16. Bd4 Bh6 17. Bxh8 Bxd2+ 18. Kb1 O-O-O 19. Bf6 Bxc3 20. Bxc3 f2
21. Bd3 Rxd3 22. cxd3 Ne3 23. Be1 f1=Q 24. Rxf1 Nxf1 25. Ng2 Nd5 26. Kc2 Nxh2 27. Bd2 Nf1 28. Be1 Nfe3+ 29. Nxe3 Nxe3+ 30. Kd2 Nf5
31. b3 Kd7 32. Bf2 a5 33. Kc3 h4 34. gxh4 g3 35. Bg1 Nxh4 36. d4 Nf3 37. Be3 g2
0-1

[Event "Roll with the Romantics"]
[Site "SchemingMind.com"]
[Date "2015.02.27"]
[Round "-"]
[White "ideasChess"]
[Black "kenneth m day"]
[Result "1-0"]
[WhiteCountry "POL"]
[BlackCountry "USA"]
[WhiteElo "2248"]
[WhiteRD "105"]
[BlackElo "1662"]
[BlackRD "51"]
[GameID "375218"]

1. e4 e5 2. f4 exf4 3. Nf3 g5 4. Bc4 Nc6 5. h3 d6 6. Nc3 Be6 7. Bxe6 fxe6 8. h4 Be7 9. hxg5 Bxg5 10. d4 Qf6
11. d5 Ne5 12. Nd4 O-O-O 13. Nxe6 Bh4+ 14. Kf1 Re8 15. Qh5 Ne7 16. Qxh4 Qxh4 17. Rxh4 N7g6 18. Rh5 c6 19. b3 Ng4 20. Kg1 cxd5
21. exd5 Nf8 22. Bxf4 Nxe6 23. dxe6 Rxe6 24. Rg5 Nf6 25. Rd1 Kd7 26. Be5 Kc6 27. Bxf6 Rxf6 28. Rg3 h5 29. Rgd3 Rd8 30. Ne4 Re6
31. Rxd6+ Rexd6 32. Nxd6 Rxd6 33. Rxd6+ Kxd6 34. Kh2 Ke5 35. Kg3 Kf5 36. Kh4 Kf4 37. Kxh5 Kg3 38. Kg6 Kxg2 39. Kf6 Kf3 40. Ke6 Ke3
41. Kd6 Kd2 42. Kc7 Kxc2 43. Kxb7 a5 44. Ka6 Kb2 45. Kxa5
1-0

[Event "Roll with the Romantics"]
[Site "SchemingMind.com"]
[Date "2015.02.22"]
[Round "-"]
[White "shg"]
[Black "ideasChess"]
[Result "0-1"]
[WhiteCountry "POL"]
[BlackCountry "POL"]
[WhiteElo "2274"]
[WhiteRD "73"]
[BlackElo "2201"]
[BlackRD "116"]
[GameID "375219"]

1. e4 e5 2. f4 exf4 3. Nf3 g5 4. Bc4 g4 5. Ne5 Qh4+ 6. Kf1 Nc6 7. Nxf7 Bc5 8. Qe1 g3 9. Nxh8 Bf2 10. Qe2 Nf6
11. d3 Nd4 12. Qd2 Be3 13. Qa5 d5 14. Qxc7 gxh2
0-1

[Event "Roll with the Romantics"]
[Site "SchemingMind.com"]
[Date "2015.02.22"]
[Round "-"]
[White "ideasChess"]
[Black "shg"]
[Result "1/2-1/2"]
[WhiteCountry "POL"]
[BlackCountry "POL"]
[WhiteElo "2201"]
[WhiteRD "116"]
[BlackElo "2274"]
[BlackRD "73"]
[GameID "375220"]

1. e4 e5 2. f4 Bc5 3. Nf3 d6 4. b4 Bxb4 5. c3 Bc5 6. fxe5 dxe5 7. d4 exd4 8. cxd4 Bb6 9. Bb5+ Bd7 10. a4 Bxb5
11. axb5 Nf6 12. Nc3 O-O 13. O-O c5 14. Bg5=
1/2-1/2

[Event "Roll with the Romantics"]
[Site "SchemingMind.com"]
[Date "2015.03.01"]
[Round "-"]
[White "Scooter"]
[Black "ray winteringham"]
[Result "1-0"]
[WhiteCountry "USA"]
[BlackCountry "ENG"]
[WhiteElo "1708"]
[WhiteRD "44"]
[BlackElo "1540"]
[BlackRD "50"]
[GameID "375557"]

1. e4 e5 2. f4 exf4 3. Nf3 Bc5 4. d4 Bb6 5. Bxf4 Nf6 6. Nbd2 O-O 7. Bd3 d6 8. Nc4 Bg4 9. Nxb6 axb6 10. h3 Bh5
11. Qe2 Nc6 12. c3 Re8 13. O-O Nxe4 14. Bxe4 d5 15. Bxh7+ Kxh7 16. Ng5+ Qxg5 17. Qxe8 Qxf4 18. Qxa8 Qd2 19. Rf2 Qe3 20. Qxb7 Na5
21. Qxd5 Bg6 22. Qf3 Qe8 23. h4 Nc4 24. Re2 Qb5 25. Qf2 f6 26. Re7 Qc6 27. b3 Qd6 28. Rae1
1-0

[Event "Roll with the Romantics"]
[Site "SchemingMind.com"]
[Date "2015.03.01"]
[Round "-"]
[White "ray winteringham"]
[Black "Scooter"]
[Result "1-0"]
[WhiteCountry "ENG"]
[BlackCountry "USA"]
[WhiteElo "1540"]
[WhiteRD "50"]
[BlackElo "1708"]
[BlackRD "44"]
[GameID "375558"]

1. e4 e5 2. f4 exf4 3. Nf3 g5 4. h3 Bg7 5. Bc4 d6 6. d3 Be6 7. Nbd2 h6 8. c3 Nc6 9. Qa4 Qd7 10. O-O O-O-O
11. Bb5 Nge7 12. d4 d5 13. c4 a6 14. Bxa6 bxa6 15. Qxa6+ Kb8 16. Qb5+ Ka8 17. cxd5 Nxd5 18. exd5 Qxd5 19. Qa4+ Qa5 20. Qxc6+ Kb8
21. Rb1 Bd5 22. Qc3 Qb5 23. b3 Be6 24. Bb2 Bd5 25. Nc4 Bxf3 26. Qxf3 Bxd4+ 27. Bxd4 Rxd4 28. Qc3 Qc5 29. Kh1 Rhd8 30. Rbc1 f5
31. Na5 Qxc3 32. Rxc3 Rd1 33. Rxd1 Rxd1+ 34. Kh2 Rd5 35. b4 h5 36. Rc5 Rxc5 37. bxc5 Ka7 38. Nb3 g4 39. h4 Ka6 40. a4 c6
41. Kg1 g3 42. Kf1 Ka7 43. Ke2 Ka6 44. Kf3
1-0

[Event "Roll with the Romantics"]
[Site "SchemingMind.com"]
[Date "2015.03.04"]
[Round "-"]
[White "Olli Ylönen"]
[Black "ray winteringham"]
[Result "1-0"]
[WhiteCountry "FIN"]
[BlackCountry "ENG"]
[WhiteElo "1842"]
[WhiteRD "80"]
[BlackElo "1540"]
[BlackRD "50"]
[GameID "375559"]

1. e4 e5 2. f4 exf4 3. Nf3 d6 4. d4 Bd7 5. Bxf4 Be7 6. Nc3 Bg4 7. h3 Bxf3 8. Qxf3 c6 9. O-O-O Nf6 10. e5 Nd5
11. Nxd5 cxd5 12. Qxd5 Nc6 13. exd6 Bf6 14. Bb5 Qd7 15. Bxc6 bxc6 16. Rhe1+ Kf8 17. Qc5 g6 18. Be5 Bg7 19. Bxg7+ Kxg7 20. Re7 Qd8
21. Qe5+ Kg8 22. Rf1 Qf8 23. d7 f6 24. Rxf6 Qh6+ 25. Kb1 Qd2 26. Qe6#
1-0

[Event "Roll with the Romantics"]
[Site "SchemingMind.com"]
[Date "2015.03.05"]
[Round "-"]
[White "ray winteringham"]
[Black "Olli Ylönen"]
[Result "0-1"]
[WhiteCountry "ENG"]
[BlackCountry "FIN"]
[WhiteElo "1540"]
[WhiteRD "50"]
[BlackElo "1842"]
[BlackRD "80"]
[GameID "375560"]

1. e4 e5 2. f4 d5 3. Qf3 dxe4 4. Qxe4 Nf6 5. Qe3 Ng4 6. Qf3 exf4 7. Qxf4 Bd6 8. Qe4+ Qe7 9. Qxe7+ Kxe7 10. h3 Bg3+
11. Ke2 Nf2 12. Kf3 Nxh1 13. Ne2 Bd6
0-1

[Event "Roll with the Romantics"]
[Site "SchemingMind.com"]
[Date "2015.03.02"]
[Round "-"]
[White "kenneth m day"]
[Black "ray winteringham"]
[Result "1-0"]
[WhiteCountry "USA"]
[BlackCountry "ENG"]
[WhiteElo "1792"]
[WhiteRD "50"]
[BlackElo "1535"]
[BlackRD "50"]
[GameID "375561"]

1. e4 e5 2. f4 exf4 3. Nf3 d6 4. d4 g5 5. g3 g4 6. Nh4 Be7 7. Bxf4 Bxh4 8. gxh4 Qxh4+ 9. Bg3 Qe7 10. Nc3 b6
11. Qd2 Bb7 12. O-O-O Nd7 13. Re1 O-O-O 14. Bg2 h5 15. Rhf1 Qf8 16. Qf4 Qh6 17. Kb1 Qxf4 18. Rxf4 f6 19. h3 Ne7 20. hxg4 h4
21. Bh2 Ng6 22. Rf2 Rde8 23. a3 h3 24. Bh1 Kb8 25. Rfe2 Kc8 26. Nb5 Kb8 27. Nc3 Re7 28. Nd5 Bxd5 29. exd5 Rhe8 30. Re6 Kc8
31. Bf3 a5 32. c3 Kd8 33. Bd1 b5 34. Bc2 Ngf8 35. Rxe7 Rxe7 36. Rf1 Re2 37. Bf4 Nb6 38. Rh1 Nc4 39. Rxh3 Ke7 40. Rh2 Re1+
41. Ka2 Nb6 42. Bd3 Nxd5 43. Bh6 Kf7 44. Bxb5 Ne7 45. Bd3 Re3 46. Bxe3
1-0

[Event "Roll with the Romantics"]
[Site "SchemingMind.com"]
[Date "2015.03.01"]
[Round "-"]
[White "ray winteringham"]
[Black "kenneth m day"]
[Result "0-1"]
[WhiteCountry "ENG"]
[BlackCountry "USA"]
[WhiteElo "1540"]
[WhiteRD "50"]
[BlackElo "1730"]
[BlackRD "50"]
[GameID "375562"]

1. e4 e5 2. f4 exf4 3. Nf3 g5 4. d4 d6 5. Bb5+ Bd7 6. Qe2 g4 7. Bxd7+ Nxd7 8. Nfd2 Qh4+ 9. Kd1 O-O-O 10. Qe1 Be7
11. b3 Nh6 12. Bb2 Rhg8 13. Nc3 Qh5 14. Kc1 Rde8 15. Kb1 Qa5 16. a4 Bf6 17. Qf2 Bg5 18. h3 f5 19. Ka2 fxe4 20. Ndxe4 Qf5
21. Nxg5 Rxg5 22. hxg4 Nxg4 23. Qg1 Ne3 24. d5 Rxg2 25. Qf1 Nxf1
0-1

[Event "Roll with the Romantics"]
[Site "SchemingMind.com"]
[Date "2015.03.01"]
[Round "-"]
[White "ray winteringham"]
[Black "shg"]
[Result "0-1"]
[WhiteCountry "ENG"]
[BlackCountry "POL"]
[WhiteElo "1540"]
[WhiteRD "50"]
[BlackElo "2172"]
[BlackRD "96"]
[GameID "375563"]

1. e4 e5 2. f4 exf4 3. Nf3 d6 4. Bc4 h6 5. d4 g5 6. Nc3 Bg7 7. O-O Ne7 8. Ne2 O-O 9. h3 Nbc6 10. Nh2 d5
11. exd5 Nxd5 12. Bxd5 Qxd5 13. c3 Ne7 14. Nf3 Nf5 15. Qd3 Re8 16. c4 Qc6 17. d5 Qc5+ 18. Kh1 Rxe2 19. Kh2 Ng3 20. Re1 Qf2
21. Rxe2 Nxe2 22. Bd2 Bxh3 23. Rg1 Nxg1 24. Nxg1 Qxg2#
0-1

[Event "Roll with the Romantics"]
[Site "SchemingMind.com"]
[Date "2015.03.01"]
[Round "-"]
[White "shg"]
[Black "ray winteringham"]
[Result "1-0"]
[WhiteCountry "POL"]
[BlackCountry "ENG"]
[WhiteElo "2172"]
[WhiteRD "96"]
[BlackElo "1540"]
[BlackRD "50"]
[GameID "375564"]

1. e4 e5 2. f4 exf4 3. Nf3 Bc5 4. d4 Bb6 5. Bxf4 h6 6. a4 a5 7. Nc3 d6 8. Nd5 Nf6 9. Nxb6 cxb6 10. Bb5+ Bd7
11. Nd2 Bxb5 12. axb5 O-O 13. O-O d5 14. e5 Nh7 15. Ra3 Nd7 16. c4 dxc4 17. Nxc4 Rc8 18. Nd6 Ra8 19. Rg3 Kh8 20. Qh5 Rg8
21. Nxf7#
1-0

[Event "Roll with the Romantics"]
[Site "SchemingMind.com"]
[Date "2015.03.06"]
[Round "-"]
[White "ray winteringham"]
[Black "ideasChess"]
[Result "0-1"]
[WhiteCountry "ENG"]
[BlackCountry "POL"]
[WhiteElo "1500"]
[WhiteRD "50"]
[BlackElo "2262"]
[BlackRD "106"]
[GameID "375565"]

1. e4 e5 2. f4 Bc5 3. Nf3 d6 4. c3 Bg4 5. b4 Bb6 6. h3 Bxf3 7. Qxf3 Nf6 8. f5 d5 9. d3 a5 10. Be3 Bxe3
11. Qxe3 axb4 12. cxb4 dxe4 13. dxe4 Qd6 14. a3 O-O 15. Bd3 Rd8 16. Be2 Nc6 17. O-O Qd4 18. Qxd4 Rxd4 19. Nc3 Nxe4 20. Nxe4 Rxe4
21. Bf3 Re3 22. Rfc1 Rexa3 23. Rxa3 Rxa3 24. Bxc6 bxc6 25. Rxc6 h5 26. Rxc7 f6 27. Rc4 Kh7 28. b5 Rb3 29. Rc5 Kh6 30. h4 Rb4
31. g3 Rb2 32. Rd5 Kh7 33. Kf1 e4 34. Ke1 e3 35. Rc5 Kg8 36. Kf1 Kf8 37. Ke1 Ke8 38. Kd1 Kd7 39. Rd5+ Kc7 40. Ke1 Rg2
41. Rc5+ Kd6 42. Rc6+ Kd5 43. Ra6 Ke4 44. b6 Kf3 45. Kd1 Rg1+ 46. Kc2 e2 47. Ra3+ Kf2 48. b7 e1=Q 49. b8=Q Qe2+ 50. Kc3 Rxg3+
51. Kd4 Qe5+
0-1

[Event "Roll with the Romantics"]
[Site "SchemingMind.com"]
[Date "2015.03.06"]
[Round "-"]
[White "ideasChess"]
[Black "ray winteringham"]
[Result "1-0"]
[WhiteCountry "POL"]
[BlackCountry "ENG"]
[WhiteElo "2201"]
[WhiteRD "116"]
[BlackElo "1527"]
[BlackRD "51"]
[GameID "375566"]

1. e4 e5 2. f4 exf4 3. Nf3 Be7 4. Bc4 Bh4+ 5. Kf1 Be7 6. d3 c6 7. Bxf4 d6 8. Nbd2 Bd7 9. Qe2 b5 10. Bb3 Bf6
11. c3 Be6 12. Bxe6 fxe6 13. e5 dxe5 14. Nxe5 Nd7 15. Nxc6 Ne7 16. Qxe6 Qc8 17. Re1 Ne5 18. Qxc8+ Nxc8 19. Nxe5 O-O 20. Nd7 Rd8
21. Nxf6+ gxf6 22. d4 Ne7 23. Kf2 Nd5 24. Be3 f5 25. Bg5 Re8 26. Rxe8+ Rxe8 27. Re1 Rc8 28. Re5 Nc7 29. Rc5
1-0